Estatísticas para Músicas do Legião Urbana

Clique aqui para jogar o quiz

Estatísticas Gerais

  • Esse quiz foi jogado 137 vezes
  • A pontuação média é 23 de 97

Estatísticas das Respostas

Resposta% Correto
Que País é Este?
89%
Eduardo e Mônica
83%
Faroeste Caboclo
80%
Pais e Filhos
80%
Índios
78%
Tempo Perdido
75%
Será
70%
Geração Coca-Cola
64%
Quase Sem Querer
54%
Ainda é Cedo
48%
Meninos e Meninas
46%
Monte Castelo
44%
Vento no Litoral
44%
Daniel na Cova dos Leões
41%
Há Tempos
38%
Perfeição
38%
O Teatro dos Vampiros
36%
Metal Contra as Nuvens
35%
O Descobrimento do Brasil
35%
Soldados
35%
Andrea Doria
34%
Eu Sei
33%
Giz
33%
Dezesseis
31%
Vinte e Nove
31%
A Tempestade
30%
Sereníssima
29%
Angra dos Reis
28%
Química
28%
Fábrica
26%
Maurício
26%
Acrilic On Canvas
25%
Baader-Meinhof Blues
25%
Por Enquanto
25%
Clarisse
24%
Mais do Mesmo
24%
Teorema
24%
Música Urbana 2
23%
Os Barcos
23%
Quando o Sol Bater na Janela do teu Quarto
23%
1965 (Duas Tribos)
21%
A Dança
21%
O Reggae
21%
Tédio (Com um T Bem Grande Pra Você)
21%
A Montanha Mágica
20%
Conexão Amazônica
20%
Eu Era um Lobisomem Juvenil
20%
Petróleo do Futuro
20%
Feedback Song for a Dying Friend
19%
Natália
19%
A Via Láctea
18%
O Livro dos Dias
18%
Os Anjos
18%
Perdidos no Espaço
18%
Sete Cidades
18%
Vamos Fazer Um Filme
18%
L'âge D'or
16%
Love Song
16%
Metrópole
16%
Uma Outra Estação
16%
Dado Viciado
15%
Se Fiquei Esperando Meu Amor Passar
15%
Central do Brasil
14%
Leila
14%
O Mundo Anda Tão Complicado
14%
Plantas Embaixo do Aquário
14%
Depois do Começo
13%
Mariane
13%
Só Por Hoje
13%
La Nuova Gioventú
11%
Um Dia Perfeito
10%
A Fonte
9%
A Ordem dos Templários
9%
Marcianos Invadem a Terra
9%
Antes das Seis
8%
Come Share My Life
8%
L'Avventura
8%
Love in the Afternoon
8%
Música de Trabalho
6%
Sagrado Coração
6%
Soul Parsifal
6%
As Flores do Mal
5%
Do Espírito
5%
Esperando por Mim
5%
O Passeio da Boa Vista
5%
Travessia do Eixão
5%
Longe do Meu Lado
4%
Mil Pedaços
4%
Quando Você Voltar
4%
Riding Song
4%
1º de Julho
3%
Aloha
3%
La Maison Dieu
3%
Música Ambiente
3%
Schübert Ländler
3%
Comédia Romântica
1%
High Noon (Do Not Forsake Me)
1%

Distribuição das Pontuações

Percentil de Números Respondidos

Porcentagem de Pessoas com Cada Pontuação

Sua Pontuação Histórica

Você não jogou esse quiz